[Event "Unterfranken-ch HB 60th"]
[Site "Obernau"]
[Date "2009.04.17"]
[Round "7"]
[White "Gruenewald, Florian"]
[Black "Raab, Ralf"]
[Result "1/2-1/2"]
[WhiteElo "1436"]
[BlackElo "1712"]
[PlyCount "36"]
[EventDate "2009.04.13"]
[EventType "swiss"]
[EventRounds "9"]
[EventCountry "GER"]
[SourceTitle "EXT 2015"]
[Source "ChessBase"]
[SourceDate "2014.11.20"]
[SourceVersion "1"]
[SourceVersionDate "2014.11.20"]
[SourceQuality "1"]

1. e4 Nf6 2. e5 Nd5 3. d4 d6 4. c4 Nb6 5. exd6 Qxd6 6. Nf3 Bg4 7. Be2 Qe6 8. 0-0 Qd7 9. Ne5 Bxe2 10. Nxd7 Bxd1 11. Nxb6 axb6 12. Rxd1 e6 13. Bf4 Bd6 14. Bxd6 cxd6 15. Nc3 Ke7 16. Rac1 Nd7 17. a3 Nf6 18. f3 Rhc8 1/2-1/2

[Event "Unterfranken-ch HB 60th"]
[Site "Obernau"]
[Date "2009.04.17"]
[Round "8"]
[White "Raab, Ralf"]
[Black "Nagel, Erwin"]
[Result "0-1"]
[WhiteElo "1712"]
[BlackElo "1679"]
[PlyCount "83"]
[EventDate "2009.04.13"]
[EventType "swiss"]
[EventRounds "9"]
[EventCountry "GER"]
[SourceTitle "EXT 2015"]
[Source "ChessBase"]
[SourceDate "2014.11.20"]
[SourceVersion "1"]
[SourceVersionDate "2014.11.20"]
[SourceQuality "1"]

1. e4 e6 2. d4 b6 3. Nf3 Bb7 4. e5 d6 5. exd6 Bxd6 6. Be2 Nf6 7. Bg5 Nbd7 8. Nbd2 Be7 9. 0-0 c5 10. Bb5 0-0 11. Bxd7 Nxd7 12. Bxe7 Qxe7 13. Nb3 Rfd8 14. Qe2 cxd4 15. Nbxd4 Qf6 16. c3 e5 17. Nc2 Bxf3 18. Qxf3 Qxf3 19. gxf3 Nc5 20. Rfd1 Nd3 21. b3 Nf4 22. Kf1 Kf8 23. Nb4 Rac8 24. c4 f6 25. Ke1 a5 26. Rxd8+ Rxd8 27. Nc6 Rd7 28. Rd1 Ke8 29. Nb8 Rxd1+ 30. Kxd1 Ne6 31. Na6 Kd7 32. b4 axb4 33. Nxb4 Nd4 34. f4 e4 35. Kd2 f5 36. Ke3 Nf3 37. h3 g6 38. Nd3 Kd6 39. Ne5 Nxe5 40. fxe5+ Kxe5 41. h4 f4+ 42. Ke2 0-1